Sports Quiz

Random Sports or NCAA Quiz

NCAA Elite 8 Cinderellas (Men's) Quiz Stats

 Plays Quiz Updated Mar 26, 2018

Score 0/39 Timer 07:00
3 Plays Today
Year Team % Correct
2016Syracuse
80.4%
2018Loyola-Chicago
78.2%
2011Butler
68.7%
2014Connecticut
67%
2014Kentucky
66.6%
2006George Mason
66%
2018Kansas State
65.6%
2012Florida
64.9%
2011Virginia Commonwealth
63.7%
2015Michigan State
63.5%
2003Michigan State
63.5%
1985Villanova
63.3%
2000North Carolina
62.8%
2017South Carolina
59.4%
1999Gonzaga
58.8%
2018Florida State
57.9%
2013Wichita State
54.3%
1990Texas
53.7%
2000Wisconsin
51.9%
2017Xavier
49.9%
Year Team % Correct
1987Louisiana State
47.7%
1986Louisiana State
47.7%
2004Xavier
38%
2004Alabama
37.3%
2014Dayton
36.2%
2008Davidson
35.3%
2005West Virginia
33.1%
2002Missouri
32.7%
2001Temple
29.8%
1993Temple
29.8%
1991Temple
29.8%
1997Providence
28.4%
1986Auburn
26.4%
1994Boston College
23.6%
2000Tulsa
16.5%
1998Rhode Island
16.4%
2002Kent State
15.3%
1990Loyola Marymount
9.9%
1986Navy
9.7%

You're not logged in!

Compare scores with friends on all Sporcle quizzes.
OR
Log In

You Might Also Like...

Show Comments

Extras

Top Quizzes Today


Score Distribution

Your Account Isn't Verified!

In order to create a playlist on Sporcle, you need to verify the email address you used during registration. Go to your Sporcle Settings to finish the process.

Report this User

Report this user for behavior that violates our Community Guidelines.

Details: